| 000 | 00777nam a2200253Ia 4500 | ||
|---|---|---|---|
| 003 | OSt | ||
| 005 | 20220926002304.0 | ||
| 006 | a|||||r|||| 00| 0 | ||
| 007 | ta | ||
| 008 | 220923b |||||||| |||| 00| 0 eng d | ||
| 020 |
_a9780070666993 _c552.5 |
||
| 037 |
_b886, 14/03/2014, Pranami Book Service _cGeneral Book |
||
| 040 |
_aRTL _cRTL _beng |
||
| 041 |
_2eng _aeng |
||
| 082 | _aX:51.1.N6, K6;P7/TD | ||
| 100 |
_aCATEORA Philip R. _9125382 |
||
| 245 | 0 | _aInternational marketing | |
| 250 | _a13th | ||
| 260 |
_a New Delhi _bMcGraw Hill Education _c2007 |
||
| 300 |
_axxxi, 888p _ccm. |
||
| 650 | _aCommerce | ||
| 942 |
_hX:51.1.N6, K6;P7/TD _cGB _2CC |
||
| 999 |
_c604404 _d604404 |
||